Verso de Quevedo en Cayó La Noche Remix - Estadísticas

Estadísticas generales
  • Esta prueba ha sido intentada 157 veces
  • La puntuación promedio es 110 de 147
Estadísticas de respuestas
Letra % Correcto
la
99%
La
99%
cayó
97%
no
97%
No
97%
noche
97%
a
95%
de
95%
Y
95%
y
95%
que
93%
el
92%
El
92%
me
92%
Me
92%
las
90%
los
90%
un
89%
Un
89%
te
87%
sale
86%
cuando
85%
hace
85%
se
85%
to
85%
Dior
84%
detector
80%
metales
79%
terror
79%
Ya
79%
ya
79%
dijo
78%
nena
78%
Bolsito
77%
lo
77%
botella
76%
Con
76%
pite
75%
fumar
74%
gyales
74%
par
74%
en
72%
pues
72%
puse
72%
del
71%
males
71%
yo
71%
flow
70%
blin
69%
Blineo
69%
ese
69%
aunque
68%
ella
68%
van
68%
you
68%
tose
67%
know
66%
mi
66%
na
66%
Esta
64%
prefiero
63%
más
62%
62%
62%
una
62%
remix
61%
salir
61%
voy
61%
ron
60%
show
60%
veces
60%
original
59%
cuantas
57%
entere
57%
hecho
57%
nadie
57%
sin
57%
hacerte
56%
hemos
56%
unas
56%
habitación
55%
quiero
55%
acción
53%
blunt
53%
has
53%
tiren
53%
pasemos
52%
regreses
52%
Dale
51%
ido
51%
prende
51%
ir
49%
meses
49%
sabes
49%
buscarla
48%
repetir
47%
cuantos
46%
Quiere
46%
sobra
45%
unos
45%
hablé
43%
nuestro
41%
Pero
41%
lleva
40%
También
38%
bebé
36%
No se encontraron pruebas coincidentes
Distribución de puntuación
Porcentaje de gente con cada puntuación
Porcentaje por número respondido
Historial de tus puntuaciones
No has intentado esta prueba.